[Event "27.Bayer.Senioren-EM2015"]
[Site ""]
[Date "2015.06.15"]
[Round "7.10"]
[White "Hein, Manfred"]
[Black "Blodig, Reinhard"]
[Result "0-1"]
[WhiteElo "1850"]
[BlackElo "1999"]
[PlyCount "58"]
[EventDate "2015.??.??"]
[WhiteTeam "FC Gunzenhausen"]
[BlackTeam "TV Riedenburg"]

1. e4 d6 2. Nf3 Nf6 3. Nc3 g6 4. d4 c6 5. h3 b5 6. a3 Bg7 7. Be3 O-O 8. Be2 a6
9. O-O Qc7 10. Bf4 Nh5 11. Bh2 e5 12. dxe5 dxe5 13. g4 Nf4 14. Bxf4 exf4 15.
Qe1 Nd7 16. Nd1 Re8 17. Nd2 Nc5 18. f3 Be6 19. c3 Rad8 20. Rf2 Rxd2 21. Qxd2
Nb3 22. Qe1 Nxa1 23. Rf1 Nb3 24. Nf2 Rd8 25. Nd3 Bc4 26. Nc1 Qa7+ 27. Kh1 Bxe2
28. Nxe2 Qe3 29. Qf2 Rd2 0-1

[Event "27.Bayer.Senioren-EM2015"]
[Site ""]
[Date "2015.06.15"]
[Round "7.11"]
[White "Korth, Manfred"]
[Black "Strecker, Gerhard"]
[Result "1-0"]
[WhiteElo "1833"]
[BlackElo "1930"]
[PlyCount "69"]
[EventDate "2015.??.??"]
[WhiteTeam "SC Heideck-Hilpoltstein"]
[BlackTeam "SC Starnberg"]

1. Nf3 d5 2. d4 Nf6 3. Bf4 e6 4. e3 Be7 5. h3 O-O 6. Bd3 Nbd7 7. O-O c5 8. c3
Re8 9. Nbd2 b6 10. a4 Bb7 11. Ne5 Ne4 12. Nxe4 dxe4 13. Bb5 Nxe5 14. Bxe8 Nf3+
15. gxf3 Qxe8 16. fxe4 f5 17. exf5 exf5 18. f3 Rd8 19. Qd2 Qh5 20. Qg2 Bf6 21.
Rae1 Re8 22. Kh2 Kh8 23. Rf2 cxd4 24. cxd4 g5 25. Be5 Bxe5+ 26. dxe5 Rxe5 27.
Qg3 f4 28. Qg4 Qe8 29. e4 Bc8 30. Qg2 Qxa4 31. Rd2 h6 32. Rd8+ Re8 33. Qd2 Be6
34. Ra1 Qb5 35. Rxa7 1-0

[Event "27.Bayer.Senioren-EM2015"]
[Site ""]
[Date "2015.06.15"]
[Round "7.12"]
[White "Bilyavskyy, Borys"]
[Black "Lehr, Thomas"]
[Result "0-1"]
[WhiteElo "1807"]
[BlackElo "1895"]
[PlyCount "84"]
[EventDate "2015.??.??"]
[WhiteTeam "FC Ergolding"]
[BlackTeam "Husumer SV"]

1. d4 Nf6 2. Nf3 d6 3. Nc3 c6 4. e4 Bg4 5. Be2 Nbd7 6. Be3 e5 7. h3 Bh5 8. Qd2
Bg6 9. Bd3 a6 10. a4 b5 11. axb5 axb5 12. Rxa8 Qxa8 13. d5 b4 14. dxc6 Qxc6 15.
Nd5 Nxe4 16. Bxe4 Bxe4 17. Nxb4 Qb7 18. Qc3 d5 19. Bd2 d4 20. Qc4 h6 21. O-O
Be7 22. Ne1 O-O 23. c3 Bxb4 24. Qxb4 Qxb4 25. cxb4 Nb6 26. f4 Nc4 27. Bc1 d3
28. Rf2 Rd8 29. Bd2 exf4 30. Nf3 Bxf3 31. gxf3 g5 32. Kf1 Ra8 33. b5 Rb8 34.
Bc3 Rxb5 35. Ke1 Rb6 36. Kd1 Ra6 37. b3 Ne3+ 38. Kc1 Rc6 39. Kd2 Rxc3 40. Kxc3
Nd1+ 41. Kxd3 Nxf2+ 42. Kc4 Kf8 0-1

[Event "27.Bayer.Senioren-EM2015"]
[Site ""]
[Date "2015.06.15"]
[Round "7.13"]
[White "Glueck, Josef"]
[Black "Leuschner, Guenter"]
[Result "1-0"]
[WhiteElo "1891"]
[BlackElo "1757"]
[PlyCount "105"]
[EventDate "2015.??.??"]
[WhiteTeam "SG Traunstein/Traunreut"]
[BlackTeam "SW Nürnberg Süd"]

1. Nf3 e6 2. g3 d5 3. Bg2 Nf6 4. O-O Be7 5. c4 c6 6. d4 O-O 7. Qc2 Nbd7 8. Nbd2
Re8 9. Rd1 Bd6 10. e4 dxe4 11. Ng5 h6 12. Ngxe4 Bf8 13. b3 e5 14. Bb2 exd4 15.
Bxd4 Nxe4 16. Nxe4 Qc7 17. f4 Nb6 18. Be5 Qe7 19. Nd6 Rd8 20. Nxc8 Raxc8 21. h4
Rxd1+ 22. Rxd1 Rd8 23. Kh2 Nc8 24. Rd2 Rxd2 25. Qxd2 Nd6 26. Qd3 Ne8 27. Bh3
Nc7 28. Qd4 a6 29. f5 Ne8 30. Bg2 f6 31. Bf4 Qa3 32. Qd7 Qe7 33. Qc8 Qf7 34.
Bf1 Kh7 35. Bd3 Bd6 36. Qe6 Qxe6 37. fxe6+ g6 38. h5 f5 39. Bxd6 Nxd6 40. g4
Kg7 41. Kg3 f4+ 42. Kxf4 gxh5 43. Ke5 Ne8 44. gxh5 Kf8 45. Bg6 Ke7 46. Bxe8
Kxe8 47. Kf6 c5 48. a4 b6 49. Ke5 Ke7 50. Kd5 a5 51. Kc6 Kxe6 52. Kxb6 Kd6 53.
Kb5 1-0

[Event "27.Bayer.Senioren-EM2015"]
[Site ""]
[Date "2015.06.15"]
[Round "7.14"]
[White "Pidtoptanyy, Igor"]
[Black "Braeu, Ludwig"]
[Result "1-0"]
[WhiteElo "1823"]
[BlackElo "1733"]
[PlyCount "105"]
[EventDate "2015.??.??"]
[WhiteTeam "SW Nürnberg Süd"]
[BlackTeam "SK Marktoberdorf"]

1. e4 c5 2. Nf3 Nc6 3. c3 Nf6 4. e5 Nd5 5. d4 cxd4 6. cxd4 d6 7. Bc4 Nb6 8. Bb5
dxe5 9. Nxe5 Bd7 10. Nxd7 Qxd7 11. O-O Rd8 12. Nc3 e6 13. Qg4 h5 14. Qe4 a6 15.
Bxc6 Qxc6 16. Qxc6+ bxc6 17. Be3 Be7 18. Rfd1 O-O 19. Rac1 f5 20. Ne2 Rc8 21.
Nf4 Kf7 22. Nd3 Bf6 23. Nb4 Nd5 24. Nxc6 f4 25. Bd2 Rc7 26. Ba5 Rb7 27. b3 Rb5
28. Kf1 g5 29. Rc5 Ra8 30. Rc4 g4 31. Be1 Rg8 32. Nb4 Nxb4 33. Bxb4 Rd8 34. Ke2
Rbd5 35. Bc3 e5 36. Kd3 h4 37. Rc6 exd4 38. Bd2 R8d6 39. Rxd6 Rxd6 40. Bxf4 Re6
41. Rc1 Kg6 42. Bd2 Be5 43. Re1 Kf5 44. g3 h3 45. Rc1 Rd6 46. Rc8 Rf6 47. Rg8
Ke6 48. Be1 Kf5 49. Bb4 Rc6 50. Rf8+ Kg6 51. Bd2 Kg7 52. Rf5 Bf6 53. Rf4 1-0

[Event "27.Bayer.Senioren-EM2015"]
[Site ""]
[Date "2015.06.15"]
[Round "7.15"]
[White "Zehfuss, Helmut"]
[Black "Duerr, Rainer"]
[Result "1/2-1/2"]
[WhiteElo "1716"]
[BlackElo "1816"]
[PlyCount "48"]
[EventDate "2015.??.??"]
[WhiteTeam "SG Traunstein/Traunreut"]
[BlackTeam "SC Prien"]

1. e4 c6 2. d4 d5 3. Nc3 dxe4 4. Nxe4 Bf5 5. Ng3 Bg6 6. Bc4 e6 7. Nf3 Nd7 8.
Bf4 Ngf6 9. O-O Be7 10. Re1 O-O 11. Nh4 c5 12. Nxg6 hxg6 13. c3 cxd4 14. Qxd4
Bc5 15. Qd2 Nb6 16. Qxd8 Rfxd8 17. Be2 Nfd5 18. Bd2 Bd6 19. Rad1 Na4 20. Bc1
Bc7 21. Bf3 b5 22. Re4 Rac8 23. Red4 Be5 24. Re4 Bc7 1/2-1/2

[Event "27.Bayer.Senioren-EM2015"]
[Site ""]
[Date "2015.06.15"]
[Round "7.16"]
[White "Boldt, Heinrich"]
[Black "Reimann, Guenther"]
[Result "1/2-1/2"]
[WhiteElo "1682"]
[BlackElo "1803"]
[PlyCount "32"]
[EventDate "2015.??.??"]
[WhiteTeam "TSV Kareth-Lappersdorf"]
[BlackTeam "SC Magstadt"]

1. d4 e6 2. Nc3 d5 3. e4 Nf6 4. Bg5 Be7 5. e5 Nfd7 6. Bxe7 Qxe7 7. Bd3 a6 8.
Qg4 f5 9. exf6 Nxf6 10. Qh4 Nbd7 11. Nf3 c5 12. O-O cxd4 13. Nxd4 Ne5 14. Rae1
Nxd3 15. cxd3 O-O 16. Re5 Qd6 1/2-1/2

[Event "27.Bayer.Senioren-EM2015"]
[Site ""]
[Date "2015.06.15"]
[Round "7.17"]
[White "Klimpel, Siegfried"]
[Black "Zerweck, Christoph"]
[Result "1-0"]
[WhiteElo "1645"]
[BlackElo "1779"]
[PlyCount "43"]
[EventDate "2015.??.??"]
[WhiteTeam "TSV Kareth-Lappersdorf"]
[BlackTeam "SV Herrenberg"]

1. e4 c5 2. Nc3 Nc6 3. Bb5 Nd4 4. d3 Nxb5 5. Nxb5 d6 6. f4 g6 7. Nf3 Bg7 8. Nc3
e6 9. O-O Ne7 10. Qe1 O-O 11. f5 exf5 12. Qh4 Nc6 13. Bg5 f6 14. Bh6 Be6 15.
Bxg7 Kxg7 16. Rae1 Qd7 17. exf5 Bxf5 18. Nd5 Qf7 19. Ne3 Be6 20. Ng5 Qg8 21.
Nxe6+ Qxe6 22. Nf5+ 1-0

[Event "27.Bayer.Senioren-EM2015"]
[Site ""]
[Date "2015.06.15"]
[Round "7.18"]
[White "Riegler, Markus"]
[Black "Gerhards, Walter"]
[Result "0-1"]
[WhiteElo "1609"]
[BlackElo "1756"]
[PlyCount "62"]
[EventDate "2015.??.??"]
[WhiteTeam "SK Mannheim-Lindenhof"]
[BlackTeam "Ratinger SK"]

1. c4 Nf6 2. Nc3 e6 3. e4 d5 4. e5 Nfd7 5. d4 dxc4 6. Bxc4 Nb6 7. Bb3 c5 8. Nf3
Bd7 9. O-O Na6 10. d5 c4 11. dxe6 Bxe6 12. Ba4+ Nxa4 13. Qxa4+ Qd7 14. Be3 Bc5
15. Nd4 O-O 16. Qxd7 Bxd7 17. a3 Rfd8 18. Rad1 Bg4 19. Rd2 Rd7 20. h3 Bh5 21.
f4 Rad8 22. Ncb5 f5 23. exf6 gxf6 24. g4 Bf7 25. f5 Nb8 26. Rfd1 Nc6 27. Kf2 a6
28. Ne6 Rxd2+ 29. Rxd2 Rxd2+ 30. Kf3 Bxe3 31. Kxe3 Rxb2 0-1

[Event "27.Bayer.Senioren-EM2015"]
[Site ""]
[Date "2015.06.15"]
[Round "7.19"]
[White "Isopp, Manfred"]
[Black "Willin, Bernhard"]
[Result "0-1"]
[WhiteElo "1957"]
[BlackElo "1691"]
[PlyCount "80"]
[EventDate "2015.??.??"]
[WhiteTeam "SV Treffen"]
[BlackTeam "SC Horben"]

1. e4 c6 2. d4 d5 3. e5 g6 4. Nf3 Bg4 5. Bd3 e6 6. h3 Bxf3 7. Qxf3 Be7 8. O-O
Nd7 9. Re1 Kf8 10. Nc3 Kg7 11. Ne2 Nf8 12. Ng3 h5 13. c3 Rc8 14. b4 Nh6 15. Bd2
Qd7 16. Rab1 Nf5 17. Nxf5+ exf5 18. g3 Qe6 19. b5 c5 20. c4 Rd8 21. Rbc1 b6 22.
Be3 h4 23. g4 fxg4 24. hxg4 Nh7 25. cxd5 Qxd5 26. Qxd5 Rxd5 27. Be4 Rdd8 28.
dxc5 bxc5 29. Bxc5 Bxc5 30. Rxc5 Ng5 31. Kg2 Rd4 32. Bc6 Rxg4+ 33. Kh1 Rd8 34.
Rg1 Rxg1+ 35. Kxg1 Rd2 36. Rc4 Nh3+ 37. Kg2 Nxf2 38. Kh2 Rxa2 39. Rxh4 Ng4+ 40.
Kg3 Nxe5 0-1

[Event "27.Bayer.Senioren-EM2015"]
[Site ""]
[Date "2015.06.15"]
[Round "7.20"]
[White "Perzl, Michael"]
[Black "Kalkmann, Hans"]
[Result "1/2-1/2"]
[WhiteElo "1713"]
[BlackElo "1859"]
[PlyCount "104"]
[EventDate "2015.??.??"]
[WhiteTeam "TSV Trostberg"]
[BlackTeam "SC Springer St.Tönis"]

1. d4 e6 2. c4 f5 3. Nf3 Nf6 4. Nbd2 b6 5. g3 Bb7 6. Bg2 Be7 7. O-O O-O 8. Ne5
Bxg2 9. Kxg2 d6 10. Nd3 Re8 11. Nf3 Ne4 12. b3 Bf6 13. Bb2 a5 14. Qc2 Qe7 15.
e3 Nd7 16. Rad1 Qf7 17. h4 g6 18. Nfe1 Be7 19. Nf3 h6 20. Rh1 Rac8 21. Qe2 Bf6
22. Nfe1 Bg7 23. Nf3 Nef6 24. Nf4 Ng4 25. Nh2 Nxh2 26. Kxh2 e5 27. dxe5 dxe5
28. Nd3 h5 29. Qc2 Rcd8 30. Rd2 e4 31. Nf4 Be5 32. Rhd1 Bd6 33. a3 Kh7 34. Rd5
Nf6 35. Bxf6 Qxf6 36. a4 Bxf4 37. exf4 c6 38. Rd7+ Rxd7 39. Rxd7+ Re7 40. Rd8
e3 41. fxe3 Rxe3 42. Qd1 Re7 43. Kh3 c5 44. Qd5 Qe6 45. Rb8 Qxd5 46. cxd5 Rd7
47. Rxb6 Rxd5 48. Rb5 Rd3 49. Rxc5 Rxb3 50. Rxa5 Rb2 51. Ra7+ Kg8 52. a5 Ra2
1/2-1/2

[Event "27.Bayer.Senioren-EM2015"]
[Site ""]
[Date "2015.06.15"]
[Round "7.21"]
[White "Neubauer, Jaroslaus"]
[Black "Babichev, Vyacheslav"]
[Result "1-0"]
[WhiteElo "1858"]
[BlackElo "1683"]
[PlyCount "115"]
[EventDate "2015.??.??"]
[WhiteTeam "SK Schweinfurt"]
[BlackTeam "SW Nürnberg Süd"]

1. e4 e5 2. Nf3 Nc6 3. Bc4 Bc5 4. d3 d6 5. c3 Nf6 6. a4 a6 7. h3 O-O 8. O-O h6
9. b4 Ba7 10. Be3 Be6 11. Bxa7 Nxa7 12. Nbd2 Bxc4 13. Nxc4 b6 14. Ne3 Nc6 15.
Qb3 Ne7 16. a5 b5 17. Nh4 g6 18. g3 Kg7 19. Kh2 Qd7 20. f4 Nh7 21. Rf2 f6 22.
Raf1 h5 23. d4 Nc6 24. dxe5 fxe5 25. f5 g5 26. Ng6 Rf7 27. Nd5 Nf6 28. Nxf6
Rxf6 29. Qd1 Kh6 30. Qd2 Nd8 31. h4 Nf7 32. Nxe5 Nxe5 33. hxg5+ Kh7 34. gxf6
Ng4+ 35. Kg2 Nxf2 36. Kxf2 Qf7 37. Rh1 Rg8 38. Qd4 Rg5 39. Rh3 Qa2+ 40. Kf3 Qb1
41. Rh2 Qf1+ 42. Rf2 Qh3 43. Ke2 Rxg3 44. Kd2 Qg4 45. f7 Qg5+ 46. Kc2 Qe7 47.
Qd5 Qf6 48. f8=N+ Qxf8 49. f6 Kh6 50. Qd2+ Kg6 51. Qf4 Rg5 52. f7 Rg4 53. Qf6+
Kh7 54. Rf5 Rg2+ 55. Kb3 Rh2 56. Rg5 Rh1 57. Qg6+ Kh8 58. Qg8+ 1-0

[Event "27.Bayer.Senioren-EM2015"]
[Site ""]
[Date "2015.06.15"]
[Round "7.22"]
[White "Abel, Hans-Peter"]
[Black "Baumgartner, Andreas"]
[Result "1/2-1/2"]
[WhiteElo "1795"]
[BlackElo "1677"]
[PlyCount "44"]
[EventDate "2015.??.??"]
[WhiteTeam "SC Leinfelden"]
[BlackTeam "ASV J'Adoube Grassau"]

1. Nf3 e6 2. c4 d5 3. d4 Nf6 4. g3 Be7 5. Bg2 c6 6. Nbd2 O-O 7. O-O Nbd7 8. Qc2
h6 9. b3 c5 10. e3 b6 11. Bb2 Bb7 12. Rfd1 Rc8 13. Rac1 cxd4 14. exd4 Rc7 15.
Qb1 Qa8 16. Qd3 Rd8 17. Qe2 Re8 18. Ne5 dxc4 19. Bxb7 Qxb7 20. Ndxc4 Rec8 21.
Nxd7 Rxd7 22. Ne5 Rdc7 1/2-1/2

[Event "27.Bayer.Senioren-EM2015"]
[Site ""]
[Date "2015.06.15"]
[Round "7.23"]
[White "Zschorsch, Peter"]
[Black "Lubberich, Alfred"]
[Result "1-0"]
[WhiteElo "1772"]
[BlackElo "1616"]
[PlyCount "87"]
[EventDate "2015.??.??"]
[WhiteTeam "Karlsruher SF"]
[BlackTeam "SG Nettetal"]

1. e4 c5 2. d4 cxd4 3. c3 dxc3 4. Nxc3 d6 5. Bc4 Nc6 6. Nf3 a6 7. O-O e6 8. Qe2
b5 9. Bd3 Bb7 10. Bf4 Be7 11. Rac1 e5 12. Be3 Nf6 13. h3 O-O 14. Rfd1 h6 15.
Bb1 Rc8 16. Nh4 b4 17. Na4 Qa5 18. b3 Nd4 19. Bxd4 exd4 20. Nf5 Qe5 21. f4 Qe6
22. Nxd4 Qd7 23. Nb6 Rxc1 24. Rxc1 Qd8 25. Na4 Re8 26. Nf5 Bf8 27. Ng3 Qa8 28.
Re1 Qa7+ 29. Kh1 Bc6 30. Nb2 Qd4 31. Nf5 Qc3 32. Nd1 Qc5 33. Nf2 g6 34. Ng4
Nxg4 35. Qxg4 Kh7 36. Nh4 h5 37. Qg3 Qc3 38. Nf3 Bh6 39. h4 Qf6 40. Ng5+ Bxg5
41. hxg5 Qc3 42. Kh2 d5 43. e5 d4 44. f5 1-0

[Event "27.Bayer.Senioren-EM2015"]
[Site ""]
[Date "2015.06.15"]
[Round "7.24"]
[White "Schoenfelder, Heinrich"]
[Black "Wittkugel, Friedhelm"]
[Result "0-1"]
[WhiteElo "1643"]
[BlackElo "1768"]
[PlyCount "150"]
[EventDate "2015.??.??"]
[WhiteTeam "SC Tarrasch München"]
[BlackTeam "SV Kamen"]

1. d4 d6 2. e4 c6 3. c4 g6 4. Nc3 Bg7 5. Nf3 Bg4 6. Be2 Nh6 7. Be3 f6 8. h3 Bd7
9. Qd2 Nf7 10. O-O g5 11. Nh2 h5 12. Qd1 Qc8 13. Bxh5 Bxh3 14. Bg4 Bxg4 15.
Qxg4 Qxg4 16. Nxg4 Nd7 17. f3 e6 18. Rac1 f5 19. exf5 exf5 20. Nh2 O-O-O 21.
Rfe1 Rh7 22. g3 Rdh8 23. Nf1 f4 24. gxf4 gxf4 25. Bxf4 Bxd4+ 26. Be3 Rg8+ 27.
Kf2 Bxe3+ 28. Rxe3 Rhg7 29. b3 Rg2+ 30. Ke1 Nc5 31. f4 Kd7 32. b4 Ne6 33. Ne4
Rh8 34. Nf6+ Ke7 35. f5 Kxf6 36. fxe6 Ne5 37. a3 Kxe6 38. Rcc3 Rh1 39. Rh3 Rxh3
40. Rxh3 Nxc4 41. Rh7 Nxa3 42. Rxb7 Nb5 43. Ne3 Rb2 44. Rh7 Rxb4 45. Rh6+ Kf7
46. Nf5 Re4+ 47. Kd2 Re6 48. Rh3 Rf6 49. Nh6+ Ke6 50. Ng4 Rf4 51. Ne3 d5 52.
Rh6+ Rf6 53. Rh8 Kd6 54. Rd8+ Kc5 55. Ng4 Re6 56. Ne3 a5 57. Ra8 Kb6 58. Kd3
Na7 59. Rb8+ Ka6 60. Rh8 Re4 61. Rd8 Nb5 62. Ra8+ Kb6 63. Rb8+ Kc5 64. Ra8 a4
65. Nc2 Rc4 66. Ne3 Rc3+ 67. Kd2 a3 68. Ra6 d4 69. Nc2 Rb3 70. Kc1 d3 71. Ne1
Nd4 72. Ra5+ Kb4 73. Ra6 Kc3 74. Ng2 Ne2+ 75. Kd1 Rb1# 0-1

[Event "27.Bayer.Senioren-EM2015"]
[Site ""]
[Date "2015.06.15"]
[Round "7.25"]
[White "Schuster, Herbert"]
[Black "Koenigl, Anton"]
[Result "0-1"]
[WhiteElo "1624"]
[BlackElo "1767"]
[PlyCount "136"]
[EventDate "2015.??.??"]
[WhiteTeam "SK Landshut"]
[BlackTeam "FC Ergolding"]

1. c4 e5 2. Nc3 Nf6 3. e4 Nc6 4. Nf3 Bc5 5. h3 d6 6. a3 a5 7. d3 Ne7 8. Bg5 c6
9. Be3 Qc7 10. Bxc5 dxc5 11. Be2 Ng6 12. g3 h6 13. Qb3 Be6 14. Qa4 Qd7 15. h4
Ng4 16. h5 Ne7 17. Qc2 Qc7 18. Nh4 Nf6 19. b3 b6 20. Bf3 Qd6 21. Ne2 O-O 22. a4
Rfd8 23. O-O-O Rab8 24. Bg2 b5 25. axb5 cxb5 26. Nc3 Bd7 27. Nf3 a4 28. bxa4
bxa4 29. Nd5 Nfxd5 30. exd5 a3 31. Qc3 Ba4 32. Qxa3 Bxd1 33. Rxd1 Ra8 34. Qc3
f6 35. Bh3 Qa6 36. Kd2 Qa2+ 37. Qc2 Qxc2+ 38. Kxc2 Ra2+ 39. Kc3 Rxf2 40. Rf1
Rxf1 41. Bxf1 Nc8 42. Bh3 Nd6 43. Be6+ Kf8 44. Nh4 Ra8 45. Kd2 e4 46. Ng6+ Ke8
47. g4 exd3 48. Kxd3 Ra4 49. Nh4 Nxc4 50. Nf5 Ne5+ 51. Kc3 Kf8 52. d6 Ra7 53.
Ne7 Rxe7 54. dxe7+ Kxe7 55. Bf5 Kd6 56. Kd2 Kd5 57. Ke3 Nc4+ 58. Kf4 Kd4 59.
Be6 Nd6 60. Kf3 Kd3 61. Kf4 c4 62. Bf5+ Nxf5 63. Kxf5 c3 64. Kg6 c2 65. Kxg7
c1=Q 66. Kxf6 Qg5+ 67. Ke6 Qxg4+ 68. Kf6 Qxh5 0-1

[Event "27.Bayer.Senioren-EM2015"]
[Site ""]
[Date "2015.06.15"]
[Round "7.26"]
[White "Niedermaier, Peter"]
[Black "Laber, Dietrich"]
[Result "1-0"]
[WhiteElo "1757"]
[BlackElo "1561"]
[PlyCount "83"]
[EventDate "2015.??.??"]
[WhiteTeam "SU Ebersberg-Grafing"]
[BlackTeam "SF Steinsfurt"]

1. e4 e5 2. Nf3 Nf6 3. Nxe5 d6 4. Nf3 Nxe4 5. d4 d5 6. Bd3 Bd6 7. c4 Nf6 8. c5
Be7 9. O-O O-O 10. h3 a5 11. Nc3 b6 12. cxb6 cxb6 13. Bf4 Ba6 14. Nb5 Bxb5 15.
Bxb5 Nbd7 16. Qb3 Rc8 17. Ba6 Rc6 18. Bb7 Re6 19. Bxd5 Nxd5 20. Qxd5 Nf6 21.
Qb3 Qd5 22. Qxd5 Nxd5 23. Bd2 Bf6 24. Rfe1 Rfe8 25. Rxe6 Rxe6 26. Re1 Rxe1+ 27.
Bxe1 Nf4 28. Kf1 Kf8 29. Bc3 Ke7 30. Nd2 Ke6 31. Nc4 Nd5 32. Ke2 a4 33. a3 b5
34. Ne3 Nf4+ 35. Kf3 Nd5 36. Ke4 Nb6 37. f4 g6 38. g4 Bh4 39. g5 Bf2 40. Ng4
Bg1 41. Nf6 h5 42. gxh6 1-0

[Event "27.Bayer.Senioren-EM2015"]
[Site ""]
[Date "2015.06.15"]
[Round "7.27"]
[White "Thieme, Wolfgang"]
[Black "Schiessl, Werner"]
[Result "1-0"]
[WhiteElo "1755"]
[BlackElo "1388"]
[PlyCount "71"]
[EventDate "2015.??.??"]
[WhiteTeam "SC Bayer Uerdingen"]
[BlackTeam "FVS ASP Hoyerswerda"]

1. e4 c6 2. Nc3 e5 3. d4 exd4 4. Qxd4 b6 5. Bc4 Ba6 6. Nf3 Bxc4 7. Qxc4 h6 8.
Bf4 b5 9. Qd3 Na6 10. Rd1 Nc5 11. Qd2 b4 12. Ne2 Nxe4 13. Qe3 Ngf6 14. Ne5 Bc5
15. Nd4 g5 16. Bg3 Rc8 17. f3 Nxg3 18. Ng6+ Nge4 19. Nxh8 Qe7 20. fxe4 Qxe4 21.
Qxe4+ Nxe4 22. Rf1 f6 23. Nf5 d5 24. Ng3 Kf8 25. Nxe4 dxe4 26. Rd7 Ke8 27. Rg7
Kf8 28. Rd7 Ke8 29. Rh7 Bd4 30. b3 Rd8 31. Ke2 Rd5 32. Ng6 f5 33. Ne7 Rc5 34.
Nxf5 Bb2 35. Nd6+ Kd8 36. Rf8# 1-0

[Event "27.Bayer.Senioren-EM2015"]
[Site ""]
[Date "2015.06.15"]
[Round "7.28"]
[White "Klueber, Werner"]
[Black "Schallock, Helmut"]
[Result "1-0"]
[WhiteElo "1740"]
[BlackElo "1352"]
[PlyCount "95"]
[EventDate "2015.??.??"]
[WhiteTeam "SC Prichsenstadt"]
[BlackTeam "SC Noris-Tarrasch Nürnberg"]

1. d4 d5 2. c4 e6 3. Nc3 Nf6 4. Nf3 Be7 5. Bf4 O-O 6. e3 Nc6 7. h3 h6 8. Bd3
dxc4 9. Bxc4 Bb4 10. O-O Bxc3 11. bxc3 Nd5 12. Bxd5 exd5 13. Rb1 b6 14. Qc2 Re8
15. c4 Ne7 16. Rfc1 Bf5 17. Qb3 Bxb1 18. Qxb1 Rc8 19. c5 c6 20. Ne5 g5 21. Bh2
Kg7 22. Nxf7 Kxf7 23. Qh7+ Ke6 24. Qxh6+ Ng6 25. Qxg6+ Qf6 26. Qb1 b5 27. Be5
Qf7 28. Qc2 Kd7 29. Bg3 Re4 30. Qd2 Ke6 31. f3 Rh4 32. Bxh4 gxh4 33. Qf2 Qf6
34. Re1 Kd7 35. Qd2 Rg8 36. Kh1 Qg5 37. Re2 Re8 38. Qe1 Qf6 39. Qg1 Qf5 40. Kh2
Rg8 41. Qf2 Qf6 42. e4 Qf4+ 43. Kh1 Re8 44. Qe3 Qf6 45. e5 Qg6 46. Qf2 Qb1+ 47.
Re1 Rg8 48. Rxb1 1-0

[Event "27.Bayer.Senioren-EM2015"]
[Site ""]
[Date "2015.06.15"]
[Round "7.29"]
[White "Aigner, Georg"]
[Black "Schiessl, Hanns"]
[Result "1-0"]
[WhiteElo "1725"]
[BlackElo "1423"]
[PlyCount "43"]
[EventDate "2015.??.??"]
[WhiteTeam "SC Taufkirchen"]
[BlackTeam "FVS ASP Hoyerswerda"]

1. e4 c6 2. Nc3 d5 3. Qf3 d4 4. Bc4 Nf6 5. e5 Bg4 6. Qf4 dxc3 7. exf6 cxd2+ 8.
Bxd2 Qd7 9. fxg7 Bxg7 10. Qxf7+ Kd8 11. Qxg7 Re8 12. f3 Be6 13. Bxe6 Qxe6+ 14.
Ne2 Rg8 15. Qd4+ Nd7 16. Be3 c5 17. Qd2 Kc7 18. Nf4 Qf7 19. Qd5 Qxd5 20. Nxd5+
Kd6 21. O-O-O Ne5 22. Bf4 1-0

[Event "27.Bayer.Senioren-EM2015"]
[Site ""]
[Date "2015.06.15"]
[Round "7.30"]
[White "Malik, Heinz"]
[Black "Reichwald, Klaus"]
[Result "1/2-1/2"]
[WhiteElo "1609"]
[BlackElo "1743"]
[PlyCount "72"]
[EventDate "2015.??.??"]
[WhiteTeam "SK Großweil"]
[BlackTeam "SC Lohhof"]

1. Nf3 Nf6 2. c4 g6 3. g3 Bg7 4. Bg2 c6 5. O-O O-O 6. d4 d5 7. b3 Na6 8. Nc3
Nc7 9. Re1 Re8 10. Bb2 Ng4 11. h3 Nf6 12. Ne5 Nd7 13. Nxd7 Qxd7 14. e3 f5 15.
f4 e6 16. Rc1 Rd8 17. Na4 b6 18. Ba3 Bb7 19. Qc2 Rac8 20. b4 Ne8 21. c5 b5 22.
Nb2 Nf6 23. Nd3 Ne4 24. Kh2 Bf6 25. Rg1 Qg7 26. Bxe4 fxe4 27. Ne5 h6 28. Qe2
Rc7 29. Rcf1 Bc8 30. Bc1 Bxe5 31. fxe5 Rf8 32. Rxf8+ Qxf8 33. Rf1 Rf7 34. Rxf7
Qxf7 35. g4 Bd7 36. Bd2 Kh7 1/2-1/2

[Event "27.Bayer.Senioren-EM2015"]
[Site ""]
[Date "2015.06.15"]
[Round "7.31"]
[White "Walch, Roger"]
[Black "Kunte, Herbert"]
[Result "1-0"]
[WhiteElo "1666"]
[BlackElo "1594"]
[PlyCount "125"]
[EventDate "2015.??.??"]
[WhiteTeam "SW Nürnberg Süd"]
[BlackTeam "SK Siemens München"]

1. e4 e5 2. Bc4 Nf6 3. d4 Nc6 4. d5 Na5 5. Bd3 c5 6. c4 d6 7. Bd2 Bd7 8. Nc3 a6
9. Nge2 Be7 10. O-O O-O 11. f4 Rb8 12. fxe5 dxe5 13. Qe1 b6 14. Qg3 Qc7 15.
Rad1 b5 16. b3 bxc4 17. bxc4 Kh8 18. Kh1 Rb6 19. Ng1 Nh5 20. Qf3 g6 21. Bh6 Ng7
22. Qe3 f6 23. Be2 Qd6 24. g4 Nb7 25. h4 Nd8 26. Qg3 Nf7 27. Be3 Rbb8 28. Rf2
Kg8 29. Nh3 Nh8 30. Rdf1 Rf7 31. Bh6 Rbf8 32. Nd1 Rb8 33. h5 Ne8 34. Ne3 Rb6
35. Rg2 Rb2 36. Nf5 Qb8 37. Bc1 Rxa2 38. Nh6+ Kg7 39. Nxf7 Nxf7 40. hxg6 hxg6
41. g5 f5 42. exf5 Bxf5 43. Rxf5 gxf5 44. Qf3 f4 45. Rg1 Qd6 46. Bd3 Nh8 47.
Qh5 Ng6 48. Qh6+ Kf7 49. Qh7+ Ng7 50. Bf5 Bf8 51. Be6+ Ke7 52. Qxg6 Nxe6 53.
Qf6+ Ke8 54. g6 Bg7 55. Qf7+ Kd8 56. Qxe6 Qxe6 57. dxe6 Ke7 58. Ng5 Rc2 59. Rd1
Rxc4 60. Ba3 Bf8 61. Rd7+ Kf6 62. Nh7+ Kxg6 63. Nxf8+ 1-0

[Event "27.Bayer.Senioren-EM2015"]
[Site ""]
[Date "2015.06.15"]
[Round "7.32"]
[White "Harke, Horst"]
[Black "Steffl, Herbert"]
[Result "1-0"]
[WhiteElo "1664"]
[BlackElo "1539"]
[PlyCount "83"]
[EventDate "2015.??.??"]
[WhiteTeam "SK Varel"]
[BlackTeam "ASV J'Adoube Grassau"]

1. d4 Nf6 2. c4 e6 3. Nc3 d5 4. e3 c6 5. Bd3 Nbd7 6. Nf3 Be7 7. O-O dxc4 8.
Bxc4 b5 9. Be2 O-O 10. b3 Bb7 11. Bb2 a6 12. Rc1 Rc8 13. Bd3 c5 14. Bb1 cxd4
15. exd4 b4 16. Na4 Qa5 17. Rxc8 Rxc8 18. Re1 Qh5 19. Ne5 Qxd1 20. Rxd1 Nxe5
21. dxe5 Nd5 22. Rc1 Rxc1+ 23. Bxc1 Bc6 24. Be4 Bxa4 25. Bxd5 exd5 26. bxa4 Bc5
27. Kf1 Kf8 28. Ke2 Ke7 29. f4 Ke6 30. g4 g6 31. Bb2 Bb6 32. Kd3 a5 33. a3 bxa3
34. Bxa3 Bg1 35. h3 Bb6 36. Bb2 Ba7 37. Bd4 Bxd4 38. Kxd4 f6 39. exf6 Kxf6 40.
Kxd5 h5 41. Kd6 hxg4 42. hxg4 1-0

[Event "27.Bayer.Senioren-EM2015"]
[Site ""]
[Date "2015.06.15"]
[Round "7.33"]
[White "Kammel, Rudolf"]
[Black "Mahrla, Hans"]
[Result "0-1"]
[WhiteElo "1582"]
[BlackElo "1647"]
[PlyCount "86"]
[EventDate "2015.??.??"]
[WhiteTeam "SC Bavaria Regensb."]
[BlackTeam "SC Eichenau"]

1. e4 e6 2. d4 d5 3. exd5 exd5 4. Bd3 Nf6 5. h3 Be7 6. Qf3 O-O 7. Ne2 Re8 8.
O-O c6 9. Nbc3 Nbd7 10. Bf4 Nf8 11. Rfe1 Ng6 12. Bxg6 fxg6 13. a3 Nh5 14. Be5
Rf8 15. Qe3 Bg5 16. f4 Bh4 17. g3 Be7 18. g4 Nf6 19. Kh2 Bd6 20. Ng3 h6 21. Qe2
b6 22. Nd1 Re8 23. Nf2 Nd7 24. Nd3 Nf6 25. Qg2 Rb8 26. Bxf6 gxf6 27. Rxe8+ Qxe8
28. Re1 Qf7 29. Qf3 Rb7 30. Kg2 Re7 31. Re3 c5 32. Ne2 Kf8 33. c3 Re4 34. Kf2
Qe7 35. Ne5 Kg7 36. Nd3 Bb7 37. Ndc1 cxd4 38. Nxd4 Bc5 39. Ncb3 Bd6 40. f5 Qe5
41. Ne6+ Kg8 42. Rxe4 dxe4 43. Qg2 e3+ 0-1

[Event "27.Bayer.Senioren-EM2015"]
[Site ""]
[Date "2015.06.15"]
[Round "7.34"]
[White "Oser, Thor"]
[Black "Stephan, Hubert"]
[Result "1-0"]
[WhiteElo "1638"]
[BlackElo "1527"]
[PlyCount "37"]
[EventDate "2015.??.??"]
[WhiteTeam "SK Jöhlingen"]
[BlackTeam "SC Prien"]

1. e4 d5 2. exd5 Nf6 3. Nc3 Nxd5 4. Nxd5 Qxd5 5. d3 e5 6. h3 Nc6 7. c3 Bd7 8.
Be3 f5 9. f3 f4 10. Bf2 Bf5 11. Ne2 Qxd3 12. Qb3 O-O-O 13. Nd4 Nxd4 14. Bxd3
Nxb3 15. Bxf5+ Kb8 16. axb3 a6 17. Ke2 Bd6 18. b4 g6 19. Be4 1-0